Veľká hospodárska depresia – komparatívny prístup

Veľká hospodárska depresia z 30. rokov 20. storočia - jej pochopenie má význam aj pre súčasnosť. Ponuka peňazí a zlatý štandard.

Guardado en:
Detalles Bibliográficos
Autor principal: Lábaj, Martin, 1982-
Formato: Capítulo de libro
Lenguaje:eslovaco
Materias:
Etiquetas: Agregar Etiqueta
Sin Etiquetas, Sea el primero en etiquetar este registro!

MARC

LEADER 00000nla$a2200000$$$4500
001 0147271
005 20240502072648.4
041 0 |a slo 
044 |a SK 
245 1 0 |a Veľká hospodárska depresia – komparatívny prístup  |c Martin Lábaj 
520 |a Veľká hospodárska depresia z 30. rokov 20. storočia - jej pochopenie má význam aj pre súčasnosť. Ponuka peňazí a zlatý štandard. 
610 2 0 |a depresia 
610 2 0 |a história 
610 2 0 |a zásoby hmotné 
610 2 0 |a peniaze 
610 2 0 |a štandard zlatý 
100 1 |a Lábaj, Martin, 1982-